| 000 | 00659nam a2200181 a 4500 | ||
|---|---|---|---|
| 008 | 120416s2004 ||||||||||||||||| || u | ||
| 020 | _a0821359169 | ||
| 050 | _aIBRD(06)HNP/2004/1 | ||
| 245 | 0 | 0 | _aAddressing HIV/AIDS in East Asia and the Pacific |
| 260 |
_aWashington, D. C. _bWorld Bank _c2004 |
||
| 300 | _a112p. : ill. | ||
| 350 | _a0.00 | ||
| 490 | _aHealth, nutrition, and population | ||
| 650 | _aAIDS (DISEASE) -- PACIFIC AREA | ||
| 650 | _aWORLD BANK | ||
| 650 | _aAIDS (DISEASE) -- EAST ASIA | ||
| 995 |
_D0.00 _FCBU-MAIN LIBRARY (Kitwe) _H1 _I0.00 _UAVAILABLE _ZInternational Publications |
||
| 999 |
_c33462 _d33462 |
||